• 首页
  • 本馆介绍
  • 公告通知
  • 最新文献
  • 馆藏检索
  • 电子资源
  • 读者导购
  • 参考咨询
  • 我的图书馆
  • 登录
  • 详细信息显示
  • 放入我的书架
  • 预约/预借图书
  • 作者相关作品
  • 分类相关作品
  • 丛书相关作品
  • 出版社相关作品

书目信息

  • 表格格式
  • 工作单格式
  • 卡片格式
题名:
能说会道
    
 
作者: 方克强 编
分册:  
出版信息: 上海   上海三联书店  1998
页数: 161页
开本: 20cm
丛书名: 交际与口才小丛书
单 册:
中图分类: C921
科图分类:
主题词: 言语交往--基本知识 , 言语交往 , 人口统计学
电子资源:
ISBN: 7-5426-1153-4
000 00666oam2 2200253 450
001 1242413265
005 20121003114807.75
010    @a7-5426-1153-4@dCNY7.40
100    @a19990414d1998 em y0chiy0110 ea
101 0  @achi
102    @aCN@b310000
105    @ay z 000yy
200 1  @a能说会道@Aneng shuo hui dao@f方克强编
210    @a上海@c上海三联书店@d1998
215    @a161页@d20cm
225 2  @a交际与口才小丛书
461  0 @12001 @a交际与口才小丛书
606 0  @a言语交往@x基本知识
606 0  @a言语交往
606 0  @a人口统计学
690    @aC921@v3
701  0 @a方克强@Afang ke qiang@4编
801  0 @aCN@bNLC@c20101222
905    @a10447@dC921@eJY103
    
    能说会道/方克强编.-上海:上海三联书店,1998
    161页;20cm.-(交际与口才小丛书)
    
    
    ISBN 7-5426-1153-4:CNY7.40
    
●
相关链接 在E读中查询图书 在五车中查询图书 在当当中查询图书 在豆瓣中查询图书


正题名:能说会道     索取号:C921/JY103         预约/预借

序号 登录号 条形码 馆藏地/架位号 状态 备注
1 7810348   278103482   学院路分馆/ [索取号:C921/JY103] 在馆    
2 7810349   278103491   学院路分馆/ [索取号:C921/JY103] 在馆    
3 7810350   278103507   学院路分馆/ [索取号:C921/JY103] 在馆    
4 7810351   278103516   学院路分馆/ [索取号:C921/JY103] 在馆    
唐山师范学院图书馆 欢迎您!
大连网信软件有限公司© 版权所有